000 00728nam a2200229 i 4500
001 135214
003 ES-MaACL
005 20230906194830.0
007 t|
008 070712s1946 ag ||||1| spa d
080 _a792"18/19"
100 1 _aTolmacheva, Galina.
_9110471
245 1 0 _aCreadores del teatro moderno
_b: los grandes directores de los siglos XIX y XX /
_cGalina Tolmacheva ; [versión al castellano por Octavio Rivas Rooney].
250 _a[1ª ed.].
260 _aBuenos Aires :
_bCenturión,
_c[1946]
300 _a318 p. :
_bil. ;
_c28 cm.
490 1 _aArte
700 1 _aRivas Rooney, Octavio.
_997591
830 0 _aArte
_9178358
852 _aES-MaACL
_jD-7053
_bR.29147
999 _c135214
_d135214